<?xml version="1.0" encoding="UTF-8"?>
<record
    xmlns:xsi="http://www.w3.org/2001/XMLSchema-instance"
    xsi:schemaLocation="http://www.loc.gov/MARC21/slim http://www.loc.gov/standards/marcxml/schema/MARC21slim.xsd"
    xmlns="http://www.loc.gov/MARC21/slim">

  <leader>00767nam a2200217 a 4500</leader>
  <controlfield tag="001">BRCA_6444</controlfield>
  <controlfield tag="005">20190320205445.0</controlfield>
  <controlfield tag="008">230911s1952----po-a######---#000-0#por-#</controlfield>
  <datafield tag="041" ind1=" " ind2=" ">
    <subfield code="a">por</subfield>
  </datafield>
  <datafield tag="044" ind1=" " ind2=" ">
    <subfield code="a">po</subfield>
  </datafield>
  <datafield tag="050" ind1=" " ind2="4">
    <subfield code="a">N7963</subfield>
    <subfield code="b">.E97 1952</subfield>
  </datafield>
  <datafield tag="245" ind1="1" ind2="0">
    <subfield code="a">Exposi&#xE7;&#xE3;o de arte sacra</subfield>
    <subfield code="b">subs&#xED;dios para o invent&#xE1;rio art&#xED;stico do Concelho de Tondela, Caramulo, junho de 1951</subfield>
    <subfield code="c">Junta de Turismo do Caramulo.</subfield>
  </datafield>
  <datafield tag="260" ind1=" " ind2=" ">
    <subfield code="a">Caramulo, Portugal</subfield>
    <subfield code="b">Junta de Turismo de Caramulo</subfield>
    <subfield code="c">1952</subfield>
  </datafield>
  <datafield tag="300" ind1=" " ind2=" ">
    <subfield code="a">82 p.</subfield>
    <subfield code="b">il. (algunas a color)</subfield>
    <subfield code="c">29 cm.</subfield>
  </datafield>
  <datafield tag="500" ind1=" " ind2=" ">
    <subfield code="a">CDE71</subfield>
  </datafield>
  <datafield tag="650" ind1="1" ind2="4">
    <subfield code="a">Arte sacro</subfield>
    <subfield code="v">Exposiciones</subfield>
    <subfield code="y">Siglo XV-XIX</subfield>
    <subfield code="z">Tondela, Portugal</subfield>
    <subfield code="9">16094</subfield>
  </datafield>
  <datafield tag="651" ind1=" " ind2="4">
    <subfield code="a">Tondela (Provincia)</subfield>
    <subfield code="z">Portugal</subfield>
    <subfield code="9">16095</subfield>
  </datafield>
  <datafield tag="710" ind1="2" ind2=" ">
    <subfield code="a">Junta de Turismo do Caramulo</subfield>
    <subfield code="9">16096</subfield>
  </datafield>
  <datafield tag="902" ind1=" " ind2=" ">
    <subfield code="a">GFM</subfield>
  </datafield>
  <datafield tag="942" ind1=" " ind2=" ">
    <subfield code="2">lcc</subfield>
    <subfield code="c">B</subfield>
  </datafield>
  <datafield tag="999" ind1=" " ind2=" ">
    <subfield code="c">6128</subfield>
    <subfield code="d">6128</subfield>
  </datafield>
  <datafield tag="952" ind1=" " ind2=" ">
    <subfield code="0">0</subfield>
    <subfield code="1">0</subfield>
    <subfield code="4">0</subfield>
    <subfield code="7">0</subfield>
    <subfield code="a">BRCA</subfield>
    <subfield code="b">BRCA</subfield>
    <subfield code="d">2011-09-23</subfield>
    <subfield code="i">CDE71</subfield>
    <subfield code="l">0</subfield>
    <subfield code="o">N7963 .E97 1952 (CDE71)</subfield>
    <subfield code="p">6891</subfield>
    <subfield code="r">2019-03-22 00:00:00</subfield>
    <subfield code="w">2019-03-22</subfield>
    <subfield code="y">B</subfield>
  </datafield>
</record>
